000 00775nam a2200253Ia 4500
003 OSt
005 20220928105003.0
006 a|||||r|||| 00| 0
007 ta
008 220927b |||||||| |||| 00| 0 eng d
020 _cINR 599.00
024 _a141049
037 _b453, 30/01/2019, Synergy Books India
_cTextual
040 _aSDCL
_cSDCL
_beng
041 _2eng
_aeng
082 _aX415, Q7 LR
100 _aChatterjee Arup K.
_9413201
245 0 _aPurveyors of destiny
_b A cultural biography of the Indian Railways
260 _aNew Delhi
_bBloomsbury
_c2017
300 _a321p.
_ccm.
650 _aReference
942 _hX415, Q7 LR
_cTEXL
_2CC
999 _c728971
_d728971